Statistics for Video Games developed by Bethesda Game Studios

Click here to take the quiz!

General Stats

  • This quiz has been taken 90 times
  • The average score is 8 of 11

Answer Stats

Release YearPlatformGame% Correct
2011PC, PS3, Xbox 360The Elder Scrolls V: Skyrim
95%
2017PC, PS4The Elder Scrolls V: Skyrim VR
95%
2008PC, PS3, Xbox 360Fallout 3
93%
2015PC, PS4, Xbox OneFallout 4
93%
2017PCFallout 4 VR
93%
2006PC, PS3, Xbox 360The Elder Scrolls IV: Oblivion
88%
2002PC, XboxThe Elder Scrolls III: Morrowind
85%
2018PC, PS4, Xbox OneFallout 76
84%
2015Android, iOS, PC, Switch, PS4, Xbox OneFallout Shelter
61%
2019Android, iOS, PCThe Elder Scrolls: Blades
31%
2004PS2, XboxIHRA Professional Drag Racing 2005
7%

Score Distribution

Percentile by Number Answered

Percent of People with Each Score

Your Score History

You have not taken this quiz